000 00515nam a2200181 a 4500
001 7030
003 CO-ViMGA
008 141112s2004 ck r 000 u spa d
040 _aCO-ViMGA
_bspa
_cCO-ViMGA
082 0 4 _a664.9 L378
100 1 _aLesur Esequivel, Luis
_96089
245 1 0 _aManual de salchichonería :
_buna guía paso a paso
260 _aMexico :
_bTrillas,
_c1992
300 _a144 p : il
490 _aCómo hacer bien y fácilmente
650 1 4 _aSALCHICHONES - ELABORACION
_96090
942 _2ddc
_cBK
999 _c18995
_d18995